ბათუმის შოთა რუსთაველის სახელმწიფო უნივერსიტეტის ბიბლიოთეკა

Exceptional Learners : (ბიბ.ჩანაწერი № 58122)

000 -LEADER
fixed length control field 00782nam a22002057a 4500
005 - DATE AND TIME OF LATEST TRANSACTION
control field 20210621133056.0
008 - FIXED-LENGTH DATA ELEMENTS--GENERAL INFORMATION
fixed length control field 210621s2014 enk||||| |||| 00| 0 eng d
020 ## - INTERNATIONAL STANDARD BOOK NUMBER
International Standard Book Number 9781292022581
041 ## - LANGUAGE CODE
Language code of text/sound track or separate title eng
080 ## - UNIVERSAL DECIMAL CLASSIFICATION NUMBER
Universal Decimal Classification number 376 E-97
245 ## - TITLE STATEMENT
Title Exceptional Learners :
Remainder of title An introduction to special education Hallahan Kauffman Pullen /
250 ## - EDITION STATEMENT
Edition statement Twelfth eition
264 ## - PRODUCTION, PUBLICATION, DISTRIBUTION, MANUFACTURE, AND COPYRIGHT NOTICE
Place of production, publication, distribution, manufacture Harlow :
Name of producer, publisher, distributor, manufacturer Pearson,
Date of production, publication, distribution, manufacture, or copyright notice 2014.
300 ## - PHYSICAL DESCRIPTION
Extent 544 p.
Other physical details 30 cm.
653 ## - INDEX TERM--UNCONTROLLED
keyword განსაკუთრებული მოსწავლეების სწავლა განათლება
653 ## - INDEX TERM--UNCONTROLLED
keyword Работа и преподавание с исключительными учениками
653 ## - INDEX TERM--UNCONTROLLED
keyword პედაგოგიკა
653 ## - INDEX TERM--UNCONTROLLED
keyword Педагогика
942 ## - ADDED ENTRY ELEMENTS (KOHA)
Source of classification or shelving scheme
Koha item type წიგნი
ეგზემპლარები
Withdrawn status Lost status Source of classification or shelving scheme Damaged status Not for loan Permanent Location Current Location Shelving location Date acquired Cost, normal purchase price Full call number Barcode Date last seen Copy number Price effective from Koha item type Public note
          ბათუმის შოთა რუსთაველის სახელმწიფო უნივერსიტეტის მთავარი ბიბლიოთეკა ბათუმის შოთა რუსთაველის სახელმწიფო უნივერსიტეტის მთავარი ბიბლიოთეკა წიგნსაცავი 2021-06-21 222.00 376 E-97 61402 2021-06-21 61402 2021-06-21 წიგნი 222 ლ.